Systems software programming : (Record no. 346439)
[ view plain ]
| 000 -LEADER | |
|---|---|
| fixed length control field | 01015 a2200229 4500 |
| 020 ## - INTERNATIONAL STANDARD BOOK NUMBER | |
| International Standard Book Number | 013490558X |
| 020 ## - INTERNATIONAL STANDARD BOOK NUMBER | |
| International Standard Book Number | 9780134905587 |
| 082 04 - DEWEY DECIMAL CLASSIFICATION NUMBER | |
| Classification number | 005.42 |
| 090 ## - LOCALLY ASSIGNED LC-TYPE CALL NUMBER (OCLC); LOCAL CALL NUMBER (RLIN) | |
| -- | 3979 |
| -- | 3979 |
| 100 1# - MAIN ENTRY--PERSONAL NAME | |
| Personal name | Clarke, David L. |
| 245 10 - TITLE STATEMENT | |
| Title | Systems software programming : |
| Remainder of title | the way things work / |
| Statement of responsibility, etc. | David L. Clarke. |
| 260 ## - PUBLICATION, DISTRIBUTION, ETC. | |
| Place of publication, distribution, etc. | [S.l.] : |
| Name of publisher, distributor, etc. | Prentice Hall, |
| Date of publication, distribution, etc. | 1997. |
| 300 ## - PHYSICAL DESCRIPTION | |
| Extent | 480 p. ; |
| Dimensions | 24 cm. |
| 490 1# - SERIES STATEMENT | |
| Series statement | Bk/cd-rom. |
| 500 ## - GENERAL NOTE | |
| General note | Paperback. |
| 520 ## - SUMMARY, ETC. | |
| Summary, etc. | This text is designed to give programmers, systems designers, and software engineers an overview of the system software level, from basic to advanced concepts. Coverage of machine language is followed by assembly language, compiler construction, operating system principles and concurrency. |
| 700 1# - ADDED ENTRY--PERSONAL NAME | |
| Personal name | Merusi, Donald. |
| 830 #0 - SERIES ADDED ENTRY--UNIFORM TITLE | |
| Uniform title | Bk/cd-rom. |
| 856 40 - ELECTRONIC LOCATION AND ACCESS | |
| Materials specified | Amazon.com |
| Uniform Resource Identifier | <a href="http://www.amazon.com/exec/obidos/ASIN/013490558X/chopaconline-20">http://www.amazon.com/exec/obidos/ASIN/013490558X/chopaconline-20</a> |
| 856 40 - ELECTRONIC LOCATION AND ACCESS | |
| Materials specified | Amazon customer reviews |
| Uniform Resource Identifier | <a href="http://www.chopac.org/cgi-bin/tools/azrev.pl?q=013490558X">http://www.chopac.org/cgi-bin/tools/azrev.pl?q=013490558X</a> |
| 942 ## - ADDED ENTRY ELEMENTS (KOHA) | |
| Institution code [OBSOLETE] | NBS |
| Koha item type | Book |
| Call number prefix | 005.42 CLA |
| Withdrawn status | Lost status | Damaged status | Not for loan | Permanent Location | Current Location | Shelving location | Date acquired | Total Checkouts | Full call number | Barcode | Date last seen | Date last checked out | Price effective from | Koha item type |
|---|---|---|---|---|---|---|---|---|---|---|---|---|---|---|
| Central Library (CL) | Central Library (CL) | First Floor - Operating System/ Data Structure | 08/28/2013 | 1 | 005.42 CLA | NBS4030 | 11/22/2017 | 07/20/2017 | 08/28/2013 | Book |
